Materials for catalysis in energy : (Record no. 596290)
[ view plain ]
| 000 -LEADER | |
|---|---|
| fixed length control field | 00350nam a2200109Ia 4500 |
| 008 - FIXED-LENGTH DATA ELEMENTS--GENERAL INFORMATION | |
| fixed length control field | 230907s9999||||xx |||||||||||||| ||und|| |
| 082 ## - DEWEY DECIMAL CLASSIFICATION NUMBER | |
| Classification number | 660.29 |
| Author Mark | JIA, |
| 245 #0 - TITLE STATEMENT | |
| Title | Materials for catalysis in energy : |
| 260 ## - PUBLICATION, DISTRIBUTION, ETC. | |
| Place of publication, distribution, etc. | Materials Research Society | Cambridge University Press, |
| Name of publisher, distributor, etc. | Warrendale, Pa. : | New York : |
| Date of publication, distribution, etc. | 2012 |
| 300 ## - PHYSICAL DESCRIPTION | |
| Extent | vii, 97 p. : |
| 942 ## - ADDED ENTRY ELEMENTS (KOHA) | |
| Koha item type | Book |
| Withdrawn status | Lost status | Damaged status | Not for loan | Permanent Location | Current Location | Date acquired | Total Checkouts | Full call number | Barcode | Date last seen | Price effective from | Koha item type |
|---|---|---|---|---|---|---|---|---|---|---|---|---|
| US-Pakistan Center for Advanced Studies in Energy (USPCAS-E) | US-Pakistan Center for Advanced Studies in Energy (USPCAS-E) | 07/05/2018 | 660.29 JIA, | CAS-E0000389 | 09/12/2023 | 09/12/2023 | Book |
